Методы оптимального управления. Управляемые системы (Запис № 574944)

МАРК-запис
000 -Лідер
fixed length control field 00580nam a2200193 4500
001 - Контрольний номер
control field 2162214035923969
003 - Ідентифікатор контрольного номера
control field UA-OsUOA
005 - Дата та час останнього входження (трансакції)
control field 20230824100751.0
008 - Елементи даних фіксованої довжини – загальна інформація
fixed length control field 230824b un ||||| |||| 00| 0 ukr d
040 ## - Джерело каталогізації
Агенція оригінальної каталогізації UA-OsUOA
Мова каталогізації ukr
Агенція, яка здійснювала перезапис UA-OsUOA
Агенція, яка здійснювала модифікацію UA-OsUOA
041 ## - Код мови
Код мови тексту/ звукової доріжки чи окремого заголовка (П) ukr
080 ## - Індекс Універсальної десяткової класифікації
Індекс Універсальної десяткової класифікації (УДК) (НП) 004.453
090 ## - Локальний шифр розміщення
Класифікаційний індекс УДК 004.453
Авторський знак (НП) М54
245 ## - Відомості про назву
Назва (НП) Методы оптимального управления. Управляемые системы
Решта назви (НП) сборник трудов
Номер частини/ розділу роботи (П) вып. 20
260 ## - Публікація, розповсюдження і т.п. (Вихідні дані)
Місце публікації, розповсюдження і т.п. (П) Новосибирск
Дата публікації, розповсюдження і т.п. (П) 1980
300 ## - Фізичний опис
Обсяг 85 с.
650 ## - Додаткове предметне введення – тематичний термін
Джерело заголовка чи терміна UDC
942 ## - Додаткові елементи входу (Коха)
Source of classification or shelving scheme Universal Decimal Classification
Тип елемента Koha Книги
Фонди
Стан вилучень Стан втрат Джерело класифікації або схеми стелажів Стан уражень Не для кредиту Постійне місце розташування Поточне розміщення Дата придбання Усього замовленно Повний номер виклику Штрих-код Дата останнього перегляду Ціна ефективна від Тип елемента Koha
    Universal Decimal Classification     ЧЗ - Читальна зала ЧЗ - Читальна зала 24/08/2022   004.453 М54 92910 24/08/2023 24/08/2023 Книги